000 00617nam a2200181 4500
999 _c8384
_d8384
008 180201b xxu||||| |||| 00| 0 eng d
020 _a0-534-06870-7
082 _21987
_aDC 540
_bB81
100 _925956
_aBrown, William H.
245 _aGeneral organic and biochemistry/
_cWilliam H. Brown and Elizabeth P. Rogers.
250 _aThird Edition.
260 _aMonterey, California:
_bBrooks/Cole Publishing Company.
_c© 1987
300 _ax, 830 pages:
_bcolor illustration;
_c23 cm.
521 _aIncludes index.
650 0 _925957
_aBiochemistry
700 _925958
_aElizabeth P. Rogers
_eauthor
942 _2ddc
_cDC